Ciudades Patrimonio Cultural del Ecuador - Estadísticas

Estadísticas generales
  • Esta prueba ha sido intentada 55 veces
  • La puntuación promedio es 11 de 38
Estadísticas de respuestas
Provincia Ciudades % Correcto
Pichincha Quito
89%
Guayas Guayaquil
83%
Azuay Cuenca
72%
Manabí Portoviejo
72%
Esmeraldas Esmeraldas
67%
Manabí Manta
67%
Santa Elena Santa Elena
56%
Loja Loja
50%
Tungurahua Ambato
44%
Chimborazo Riobamba
44%
Cañar Azogues
39%
Cañar Cañar
39%
Ibarra Ibarra
39%
El Oro Zaruma
39%
Azuay Gualaceo
33%
Bolívar Guaranda
33%
Chimborazo Alausí
28%
Cotopaxi Latacunga
28%
Manabí Montecristi
22%
Pichincha Sangolquí
22%
Azuay Sígsig
22%
Pichincha Cayambe
17%
Carchi San Gabriel
17%
El Oro Arenillas
11%
Azuay Girón
11%
Tungurahua Píllaro
11%
Loja Catacocha
6%
Manabí Jipijapa
6%
Azuay Nabón
6%
Bolívar San Miguel
6%
Loja Saraguro
6%
Napo Baeza
0%
Manabí Bahía de Caráquez
0%
Pichincha Machachi
0%
Ibarra Pablo Arenas
0%
Azuay San Bartolomé
0%
Azuay San Miguel de Jima
0%
Chimborazo Sicalpa
0%
No se encontraron pruebas coincidentes
Distribución de puntuación
Porcentaje de gente con cada puntuación
Porcentaje por número respondido
Historial de tus puntuaciones
No has intentado esta prueba.